Score 0/15 Timer 01:00
21 Plays Today
Hint Answer % Correct
U.S. StateTexas, Tennessee
88.9%
Three-sided polygonTriangle
84.7%
Three letter body partToe
79%
U.K. Female Prime Minister SurnameThatcher
77%
Movie director: Pulp FictionTarantino
76.5%
Author: 'The Lord of the Rings'Tolkien
75.4%
Winnie-the-Pooh characterTigger
73.1%
Italian for 'Three'Tre
73%
Hint Answer % Correct
Minnesota MLB teamTwins
66.2%
Sign of the zodiacTaurus
64%
Danny DeVito TV showTaxi
57%
European countryTurkey
51.2%
Apostle (original)Thomas, Thaddaeus
49.3%
'I Think We're Alone Now' (1987) singerTiffany
39.3%
Retired Monopoly tokenThimble (Train)
27.4%

You're not logged in!

Compare scores with friends on all Sporcle quizzes.
OR
Log In

Sporcle TV

Today on Sporcle TV


Watch our educational content, quiz creation guides, and fun videos on Sporcle TV.

Show Comments

Extras

Top Quizzes Today


Score Distribution

Paid Content

Your Account Isn't Verified!

In order to create a playlist on Sporcle, you need to verify the email address you used during registration. Go to your Sporcle Settings to finish the process.

Report this User

Report this user for behavior that violates our Community Guidelines.

Details: